| 000 | 00000nam##2200000za#4500 |
| 001 | 9.604028 |
| 003 | CaOODSP |
| 005 | 20260128153020 |
| 007 | cr ||||||||||| |
| 008 | 150406|1997||||xxc|||||o f|0| 0 fre|d |
| 022 | |a1488-545X |
| 040 | |aCaOODSP|bfre |
| 043 | |an-cn--- |
| 086 | 1 |aFs97-6/2156F-PDF |
| 110 | 2 |aInstitut Maurice-Lamontagne. |
| 245 | 10|aCaractérisation du substrat entre les isobathes de 10 et 50 mètres autour des Îles-de-la-Madeleine par balayage hydroacoustique et échantillonnages sédimentologiques : |h[ressource électronique]|bévaluation du système de traitement d'échos USP RoxAnn / |c[par] Lizon Provencher, Michel Giguère et Pierre Gagnon. |
| 260 | |aMont-Joli - Québec : |bPêches et Océans Canada. |cc1997. |
| 300 | |a52p.|bfigures, graphiques, cartes, références, tableaux |
| 490 | 1 |aRapport technique canadien des sciences halieutiques et aquatiques|x1488-545X|vN° 2156 |
| 500 | |aLe n° de catalogue (FS97-6/2156F) et l'ISSN (0706-6570) de l'édition imprimée ont été incorrectement copiés dans l'édition électronique. |
| 546 | |a(Abstract in English) |
| 590 | |a12-23-Supp|b2012-05-28 |
| 720 | 1 |aProvencher, Lizon |
| 720 | 1 |aGagnon, Pierre |
| 720 | 1 |aGiguère, Michel |
| 776 | 0#|tCaractérisation du substrat entre les isobathes de 10 et 50 mètres autour des îles-de-la Madelaine par balayage hydroacoustique et échantillonnages sédimentologiques. Évaluation du système de traitement d'échos USP RoxAnn / |w(CaOODSP)9.624364 |
| 830 | #0|aRapport technique canadien des sciences halieutiques et aquatiques,|x1488-545X|vN° 2156|w(CaOODSP)9.500867 |
| 856 | 40|ahttp://publications.gc.ca|qPDF|s2.07 Mo|uhttps://publications.gc.ca/collections/collection_2012/mpo-dfo/Fs97-6-2156-fra.pdf|yN° 2156 |